|
|
|
|
| LEADER |
00000nam0a2200000 4500 |
| 001 |
35986 |
| 005 |
20231031000340.0 |
| 035 |
|
|
|a (RuTPU)RU\TPU\book\36445
|
| 035 |
|
|
|a BOOK00003097
|
| 090 |
|
|
|a 35986
|
| 100 |
|
|
|a 20011210d1986 k y0rusy50 ca
|
| 101 |
0 |
|
|a rus
|
| 102 |
|
|
|a RU
|
| 105 |
|
|
|a a z 000zy
|
| 200 |
1 |
|
|a Автоматизированное управление предприятиями нефтеперерабатывающей и нефтехимической промышленности
|f О. Ф. Шестихин, В. С. Красильников, Ю. П. Коптев
|
| 210 |
|
|
|a Ленинград
|c Химия
|d 1986
|
| 215 |
|
|
|a 199 с.
|c ил.
|
| 225 |
1 |
|
|a Автоматизация химических производств
|
| 610 |
1 |
|
|a нефтехимическая промышленность
|
| 610 |
1 |
|
|a нефтеперерабатывающая промышленность
|
| 610 |
1 |
|
|a заводы
|
| 610 |
1 |
|
|a автоматизация
|
| 610 |
1 |
|
|a техническое обеспечение
|
| 610 |
1 |
|
|a математическое обеспечение
|
| 610 |
1 |
|
|a экономическая эффективность
|
| 610 |
1 |
|
|a расчеты
|
| 675 |
|
|
|a 665.6
|v 3
|
| 700 |
|
1 |
|a Шестихин
|b О. Ф.
|g Олег Федорович
|
| 701 |
|
1 |
|a Красильников
|b В. С.
|g Вадим Сергеевич
|
| 701 |
|
1 |
|a Коптев
|b Ю. П.
|g Юрий Павлович
|
| 801 |
|
0 |
|a RU
|b 63413507
|c 20011210
|g PSBO
|
| 801 |
|
2 |
|a RU
|b 63413507
|c 20160514
|g PSBO
|
| 900 |
|
|
|a Системы управления химико-технологическими процессами
|
| 900 |
|
|
|a Автоматизированное управление химико-технологическими процессами
|
| 942 |
|
|
|c BK
|